Red Homebase - Statistics

General Stats
  • This quiz has been taken 3 times
  • The average score is 8 of 18
Answer Stats
Hint Answer % Correct
Boy Cole
100%
Boy Justin
100%
Boy Wilke
100%
Girl Chloe
50%
Boy Conor
50%
Girl Emery
50%
Boy Jed
50%
Girl Lauren
50%
Girl Leyla
50%
Boy Lukas
50%
Girl Madison
50%
Boy Marcel
50%
Girl Annie
0%
Girl Beatrix
0%
Girl Isabelle
0%
Boy Jack
0%
Girl Makayla
0%
Girl Zoe
0%
No matching quizzes found
Score Distribution
Percent of People with Each Score
Percentile by Number Answered
Your Score History
You have not taken this quiz